000
00298nam a2200133Ia 4500
008
221030s9999 xx 000 0 und d
041
_a
English
082
_a
105.6
100
_a
Rahil/ 1687
245
0
_a
Personal Phone Locator
_c
Vishnu/ 1603
260
_c
0
650
_a
Computers
942
_c
TH
999
_c
18340
_d
18340